000 00754nam a2200241Ia 4500
003 OSt
005 20220923214816.0
006 a|||||r|||| 00| 0
007 ta
008 220922b |||||||| |||| 00| 0 hin d
024 _a172,997
037 _cTextual
040 _aARTS
_cARTS
_bhin
041 _2hin
_ahin
082 _aO152,6N07:g, K9
100 _aदीक्षित, सूर्य प्रसाद
_9157573
245 0 _aमहादेवी का गद्य
246 _ahinādevī kā gadya
260 _c1969
650 _aहिन्दी साहित्य
_9156264
942 _hO152,6N07:g, K9
_cTEXL
_2CC
999 _c326904
_d326904